000 00698nam a22002417a 4500
001 00594
003 DO-SdBNP
005 20180131154639.0
007 00594
008 160627b 1996 sp ||| 00| 0 spa d
020 _a9788433908339
040 _aBPMSU
_bspa
_cBPMSU
092 _axxxxxxxx
_bxxxxxxxx
100 1 _aMcMillan, Terry
245 1 _aMama :
_cTerry McMillan ; traducción Roser Berdagué ; ilustración Synthia Saint James
300 _a290 p. :
_c22 cm.
490 1 _aPanorama de narrativas
_v363
700 1 _aBerdagué, Roser,
_etr.
830 0 _aPanorama de narrativas
_n363
942 _2ddc
_cBK
945 _aInventariado, 2018/ YL
956 _aBTAVÁREZ
_b10
_c20162706
_d00594
999 _c10604
_d10604